000
00304nam a2200121Ia 4500
008
190216s9999||||xx |||||||||||||| ||und||
100
_a
Partha Chatterjee
245
4
_a
The Nation And Its Fragments
260
_b
Oxford University Press
_c
1995
300
_a
252p
650
_a
Indian History
942
_c
BK
999
_c
20900
_d
20900